Short Stay Surgery

An ever-increasing number of surgical procedures are now being performed in ambulatory settings. Hospital beds are at a premium and resources are becoming scarcer. This atlas guides readers through all the practicalities: it looks at the potential of short-stay surgery, how to set it up and how it m...

Full description

Bibliographic Details
Corporate Author: SpringerLink (Online service)
Other Authors: Thomas, William E. G. (Editor), Senninger, Norbert J. G. M. (Editor)
Format: Electronic eBook
Language:English
Published: Berlin, Heidelberg : Springer Berlin Heidelberg, 2008.
Series:Springer Surgery Atlas Series
Subjects:
Online Access:Full Text via HEAL-Link
LEADER 03055nam a22004695i 4500
001 978-3-540-69028-3
003 DE-He213
005 20151125221328.0
007 cr nn 008mamaa
008 100301s2008 gw | s |||| 0|eng d
020 |a 9783540690283  |9 978-3-540-69028-3 
024 7 |a 10.1007/978-3-540-69028-3  |2 doi 
040 |d GrThAP 
050 4 |a RD1-811 
072 7 |a MN  |2 bicssc 
072 7 |a MED085000  |2 bisacsh 
082 0 4 |a 617  |2 23 
245 1 0 |a Short Stay Surgery  |h [electronic resource] /  |c edited by William E. G. Thomas, Norbert J. G. M. Senninger. 
264 1 |a Berlin, Heidelberg :  |b Springer Berlin Heidelberg,  |c 2008. 
300 |a X, 408 p.  |b online resource. 
336 |a text  |b txt  |2 rdacontent 
337 |a computer  |b c  |2 rdamedia 
338 |a online resource  |b cr  |2 rdacarrier 
347 |a text file  |b PDF  |2 rda 
490 1 |a Springer Surgery Atlas Series 
505 0 |a General Principles -- Organisational and Anaesthetic Aspects of Short Stay Surgery -- Basic Surgical Techniques -- Skin and Subcutaneous Tissues -- Plastic Surgery -- Hand Surgery -- Breast, Head and Neck -- Breast Surgery -- Head and Neck Surgery -- Abdomen -- Diagnostic Laparoscopy -- Laparoscopic Cholecystectomy -- Mini-Cholecystectomy -- Open Appendicectomy -- Laparoscopic Appendicectomy -- Hernia Repairs: Inguinal, Femoral, and Umbilical -- Haemorrhoids -- Anal Fissure -- Surgical Procedures for Perianal Sepsis: Ischiorectal Abscesses, Fistulas, and Pilonidal Sinus -- Urology -- Vasectomy -- Hydrocele -- Epididymal Cyst/Epididymectomyn -- Varicocelectomy -- Circumcision and Frenuloplasty -- Vascular Surgery -- Operations for Varicose Veins -- Vascular Access -- Endoscopy -- Surgical Endoscopy. 
520 |a An ever-increasing number of surgical procedures are now being performed in ambulatory settings. Hospital beds are at a premium and resources are becoming scarcer. This atlas guides readers through all the practicalities: it looks at the potential of short-stay surgery, how to set it up and how it may be relevant to all surgical specialities. Specialists well known in their sphere discuss and illustrate operations that can be performed without a stay in hospital. The topics covered will become more and more relevant as time goes by, and those who read this book will be able to stay well ahead of the game. It is designed to help surgeons plan for the future and discover the vast potential for this form of surgery. 
650 0 |a Medicine. 
650 0 |a Surgery. 
650 0 |a Minimally invasive surgery. 
650 1 4 |a Medicine & Public Health. 
650 2 4 |a Surgery. 
650 2 4 |a Minimally Invasive Surgery. 
700 1 |a Thomas, William E. G.  |e editor. 
700 1 |a Senninger, Norbert J. G. M.  |e editor. 
710 2 |a SpringerLink (Online service) 
773 0 |t Springer eBooks 
776 0 8 |i Printed edition:  |z 9783540411017 
830 0 |a Springer Surgery Atlas Series 
856 4 0 |u http://dx.doi.org/10.1007/978-3-540-69028-3  |z Full Text via HEAL-Link 
912 |a ZDB-2-SME 
950 |a Medicine (Springer-11650)